000 00477nam a2200181Ia 4500
005 20250508152418.0
008 008 250505s9999 xx 000 0 eng d
037 _aTextual
040 _aFEDL
_beng
_cFEDL
041 _aeng
_2eng
084 _aF, HEM
_qFEDL
100 _aHemingway Ernest
245 0 _aOld man and the sea
260 _aNew York, USA
_bCharles Scribner's Sons
_c1952
300 _a140p.
942 _cTEXL
_hF, HEM
999 _c1336256
_d1336256